000 00933nam a2200217Ia 4500
999 _c38136
_d38136
001 4126
003 GE_BSU
005 20191003120535.0
008 181216s1971||||ge |||||||||||||| ||geo||
040 _cGE_BSU
041 _ageo
080 _a39(479.223)+631.1(479.223) ჩ-73
100 _aჩიჯავაძე, ნეჯად
_94135
245 _aსამიწათმოქმედო ყოფის ისტორიიდან აჭარაში /
_cნეჯად ჩიჯავაძე; რედ. ალ. რობაქიძე.
264 _aთბ. :
_bმეცნიერება,
_c1971.
300 _a150 გვ. ;
_b21 სმ.
653 _aმიწათმოქმედება აჭარაში
653 _aაჭარლების წეს-ჩვეულებები
700 _aრობაქიძე, ალ.
_eრედაქტორი
_94136
942 _cBK
_2udc